000 01812cam a2200289 4500500
005 20260222011930.0
041 _afre
042 _adc
100 1 0 _aMuntean, Emanuela
_eauthor
245 0 0 _aLes enfants de la Shoah dans la série Irena
260 _c2024.
500 _a38
520 _aThe life of a Jewish child victimized by Nazism is presented as a winding journey between confinement and freedom. This is achieved through the extraordinary story of Irena Sendlerowa, a young social worker of Polish origin who saved 2,500 children from the Warsaw ghetto. As character, the child of Holocaust is related to the figure of the orphan in children’s literature. The absence of the parents is not the guarantee of a prominent destiny. It is the condition for his survival.
520 _aÀ travers l’histoire extraordinaire d’Irena Sendlerowa, une jeune assistante sociale d’origine polonaise qui sauva 2 500 enfants du ghetto de Varsovie, la vie de l’enfant juif victime du nazisme est présentée comme un parcours sinueux entre enfermement et liberté. Actualisation de la typologie de l’orphelin dans la littérature de jeunesse, l’enfant de la Shoah s’en distingue car pour lui, la privation de parents n’équivaut pas à une destinée illustre, c’est la condition de sa survie.
690 _aenfance juive
690 _aghetto de Varsovie
690 _aIrena Sendlerowa
690 _aShoah
690 _atémoignage
690 _aHolocaust
690 _aIrena Sendlerowa
690 _aJewish childhood
690 _atestimony
690 _aWarsaw ghetto
786 0 _nL'irrégulière | 26 | 1 | 2024-09-23 | p. 95-107 | 1962-9419
856 4 1 _uhttps://shs.cairn.info/revue-d-histoire-de-l-enfance-irreguliere-2024-1-page-95?lang=fr&redirect-ssocas=7080
999 _c1670034
_d1670034